Normal view MARC view

Entry Personal Name

Number of records used in: 2

001 - CONTROL NUMBER

  • control field: 81478

003 - CONTROL NUMBER IDENTIFIER

  • control field: dpl

005 - DATE AND TIME OF LATEST TRANSACTION

  • control field: 20250530153114.0

008 - FIXED-LENGTH DATA ELEMENTS

  • fixed length control field: 250530|| aca||aabn | a|a d

040 ## - CATALOGING SOURCE

  • Original cataloging agency: dpl
  • Transcribing agency: dpl

100 ## - HEADING--PERSONAL NAME

  • Personal name: Baba Visakha Singh
  • General subdivision: Biography

670 ## - SOURCE DATA FOUND

  • Source citation: Work cat.: (dpl)40211: Narayan, Manish 81477, Educational thoughts of Bal Gangadhar Tilak/, 2010

© Delhi Public Library
Hit Counter
free hit counter